000 00647nam a2200241Ia 4500
003 OSt
005 20220918175905.0
006 a|||||r|||| 00| 0
007 ta
008 220917b |||||||| |||| 00| 0 eng d
024 _a19,476
037 _cTextual
040 _aARTS
_cARTS
_beng
041 _2eng
_aeng
082 _aO:2M56x, H7
100 _aShaw Bernard
_910893
245 0 _aJohn Bull's other island with how he lived to her husband and Major Barbars
260 _c1947
500 _aStandard edition
650 _aENGLISH LITERATURE
942 _hO:2M56x, H7
_cTEXL
_2CC
999 _c159390
_d159390